Irish Counties - Sudden Death - Statistics

General Stats
  • This quiz has been taken 142 times
  • The average score is 16 of 21
Answers on the Grid
Answers color-coded by a green-red scale on the quiz's grid according to % correct below.
Anglesey
Antrim
Armagh
Ayrshire
Belfast
Cavan
Clare
Cork
Craggy Island
Delaware
Donegal
Dover
Down
Eastmeath
Edmonton
Galway
Kerry
Kildare
Lanarkshire
Leitrim
Limerick
Lincolnshire
Londonderry
Louth
Mayo
Meath
Monaghan
Offaly
Orkney
Roscommon
Sligo
Stirlingshire
Tipperary
Waterford
Wessex
Westmeath
Westminster
Wexford
Wicklow
Wiltshire
 
Answer Stats
Answer % Correct
Cork
92%
Clare
82%
Mayo
81%
Galway
80%
Limerick
79%
Donegal
78%
Kerry
78%
Wexford
76%
Tipperary
75%
Sligo
74%
Kildare
72%
Meath
72%
Waterford
72%
Cavan
71%
Wicklow
71%
Offaly
70%
Louth
68%
Roscommon
68%
Westmeath
68%
Leitrim
67%
Monaghan
60%
No matching quizzes found
Score Distribution
Percent of People with Each Score
Percentile by Number Answered
Your Score History
You have not taken this quiz